| 000 | 00972nam a2200277 i 4500 | ||
|---|---|---|---|
| 001 | bg | ||
| 003 | BPK | ||
| 005 | 20200515132851.0 | ||
| 008 | 070815s1972 pl a f |000 0 pol | ||
| 015 | _aPB 1972/11153 | ||
| 040 |
_aWA N _cBPK |
||
| 080 | _a543 | ||
| 080 | _a(075.8) | ||
| 100 | 1 |
_aLipiec, Tadeusz _d(1903-1981). |
|
| 245 | 1 | 0 |
_aChemia analityczna z elementami analizy instrumentalnej / _cTadeusz Lipiec, Zdzisław Stefan Szmal. |
| 250 | _aWyd. 3 popr. i uzup. | ||
| 260 |
_aWarszawa : _bPaństwowy Zakład Wydawnictw Lekarskich, _c1972. |
||
| 300 |
_a559 , [1] s. : _bil., err. ; _c23 cm. |
||
| 504 | _aBibliogr. | ||
| 655 | 4 | _aPodręczniki akademickie | |
| 650 | 4 | _aChemia analityczna | |
| 700 | 1 | _aSzmal, Zdzisław Stefan. | |
| 710 | 2 |
_aPaństwowy Zakład Wydawnictw Lekarskich _4pbl. |
|
| 942 |
_2UKD _cKS |
||
| 856 |
_uhttp://koha.tu.koszalin.pl/cgi-bin/koha/opac-detail.pl?biblionumber=7587 _yKatalog online BPK |
||
| 999 |
_c7587 _d7587 |
||